000 00621nam a22002417a 4500
003 UA-OsUOA
001 65304
007 ta
008 20091119b un ||||| |||| 00| 0 ukr d
100 _aПоліщук В.
090 _a82.09
_bП50
942 _cBK
040 _aUA-OsUOA
_bukr
_cUA-OsUOA
_dUA-OsUOA
245 _aПро неокласиків, сучасників і сучасників
300 _a358 с.
955 _a1
041 _aukr
080 _a82.09
020 _a978-966-2980-81-3
260 _aЧеркаси
_bВидавець Чабаненко Ю.
650 7 _2UDC
999 _c351425
_d351425